Назови исполнителя по песне - Statistics

General Stats
  • This quiz has been taken 129 times
  • The average score is 102 of 215
Answer Stats
Песня Исполнитель % Correct
Невозможное возможно Дима Билан
95%
Рюмка водки на столе Григорий Лепс
91%
Салют, Вера Валерий Меладзе
90%
Я русский SHAMAN
89%
В самое сердце Сергей Лазарев
88%
Знаешь ли ты МакSим
87%
Владимирский централ Михаил Круг
86%
Экспонат Ленинград
86%
Перемен Кино
86%
Царица Anna Asti
86%
Солнце Монако Люся Чеботина
84%
Прованс Ёлка
84%
Крошка моя Руки вверх!
84%
Моя игра Баста
82%
Тополиный пух Иванушки international
81%
Мама Люба Serebro
81%
Покинула чат Клава Кока
80%
Я сошла с ума t.A.T.u.
80%
Спектакль окончен Полина Гагарина
79%
Районы-кварталы Звери
79%
Мокрые кроссы Тима Белорусских
79%
Тает лёд Грибы
79%
Каждый раз Монеточка
76%
Lipsi ha Instasamka
75%
Искала Земфира
74%
Часики Валерия
73%
Мой мармеладный Катя Лель
73%
Ели мясо мужики Король и Шут
73%
Батарейка Жуки
71%
Третье сентября Михаил Шуфутинский
71%
Ориентация север Лолита
70%
В клубе Тимати
70%
Uno Little Big
70%
Как на войне Агата Кристи
69%
Имя 505 Время и Стекло
69%
Всё для тебя Стас Михайлов
69%
Голая Градусы
69%
Что такое осень ДДТ
68%
Бухгалтер Комбинация
68%
Вахтёрам Бумбокс
68%
Всё будет хорошо Верка Сердючка
67%
Хоп Хэй лала лэй Леонид Агутин
67%
Комбат Любэ
67%
Попытка № 5 ВИА Гра
67%
Ягода малинка Хабиб
67%
ASFALT 8 Macan
67%
Фаина На-На
66%
Выхода нет Сплин
66%
Владивосток 2000 Мумий тролль
65%
360° Элджей
65%
Мой Калашников FACE
65%
Хлопья летят наверх Feduk
65%
Любимка NILETTO
65%
Трава у дома Земляне
64%
Вокруг шум Каста
64%
На часах ноль-ноль Dabro
64%
Последняя любовь Morgenshtern
64%
Я эту жизнь тебе отдам Филипп Киркоров
63%
Есаул Олег Газманов
63%
Ева Винтаж
63%
Не пара Потап и Настя
62%
Бомж Сектор Газа
62%
Девочка с картинки Егор Крид
62%
Музыка нас связала Мираж
60%
Были танцы Бьянка
60%
Восточные сказки Блестящие
59%
Белые розы Ласковый май
59%
Мальчик на девятке DEAD BLONDE
59%
Твои глаза LOBODA
59%
Всё идёт по плану Гражданская оборона
58%
Дельтаплан Валерий Леонтьев
58%
Пей пиво! Дискотека авария
58%
Ту-лу-ла Чичерина
58%
Сумасшедшая Алексей Воробьёв
58%
Комета Jony
58%
На заре Альянс
57%
Девочка с каре Мукка
57%
Зима-холода Андрей Губин
57%
Батя в здании МС Хованский
56%
Крылья Nautilus Pompilius
56%
Party for everybody Бурановские бабушки
55%
Маленькая страна Наталья Королёва
55%
Ice Baby Гуф
55%
Втюрилась Дора
55%
Кружит Monatik
55%
Погода в доме Лариса Долина
54%
Девушки бывают разные Отпетые мошенники
54%
Зима в сердце Моя Мишель
54%
Чёрное солнце БИ-2
54%
Пчеловод RASA
54%
Я назову планету... София Ротару
53%
Фотография Ирина Аллегрова
53%
Потерянный рай Ария
53%
Электричка Алёна Апина
53%
Капкан Мот
53%
Стыцамен Иван Дорн
53%
ПЫЯЛА АИГЕЛ
53%
Дико, например PHARAOH
53%
Кустурица Братья Грим
52%
Выпьем за любовь Игорь Николаев
52%
Обiйми Океан Эльзи
52%
Зимний сон Алсу
51%
Зимняя вишня Анжелика Варум
49%
Наше лето Валентин Стрыкало
49%
Реальная жизнь Вера Брежнева
49%
Монетка ЛСП
48%
Молодые ветра
47%
Выдыхай Noiz MC
47%
Espresso Macchiato TOMM¥ €A$H
47%
Зараза Николай Басков
46%
Вечеринка Децл
46%
С днём рождения, Вика Корни
46%
Батареи Нервы
46%
Лига опасного интернета Oxxxymiron
46%
Туманы Макс Барских
45%
Патимейкер Пика
45%
Контракт Пошлая Молли
45%
Наши юные смешные голоса Ногу свело!
45%
Это здорово Николай Носков
44%
Беги от меня Гости из будущего
44%
Поезда Женя Трофимов
44%
Мамбл Gone.Flad
44%
Кухни Бонд с кнопкой
43%
Москва-Владивосток Юлия Савичева
42%
Это любовь Скриптонит
42%
Котик Александр Рыбак
42%
Ты горишь как огонь Slava Merlow
42%
Звезда моя далёкая Дмитрий Маликов
41%
Матушка Татьяна Куртукова
40%
Красное на чёрном Алиса
40%
Утро Дайте танк (!)
40%
Фото со звездой Lida
40%
Life Zivert
40%
День Победы Иосиф Кобзон
38%
Комарово Игорь Скляр
38%
Тепло Макс Корж
37%
Нужен Xanax Паша Техник
37%
Тёмно-оранжевый закат Папин Олимпос
36%
Белая ночь Виктор Салтыков
36%
Эба Хлеб
36%
Улыбка PIZZA
36%
Плакала KAZKA
35%
Просто друг Чай вдвоём
34%
Малиновый свет Лёша Свик
34%
Лама мама А4
34%
Дай мне силу Дмитрий Колдун
33%
Я-Гусейн Гасанов Эльдар Джарахов
33%
Волна DJ Smash
33%
Ананас Адидас MIA BOYKA
33%
Город поёт The Hatters
33%
Кажется Uma2rman
33%
Марионетки Машина времени
32%
Мозги & деньги Комсомольск
32%
Ты меня не ищи Вирус
32%
Беспризорник HI-FI
32%
Корабли LIZER
32%
Чёрные глаза Айдамир Мугу
31%
Первое свидание Алёна Швец
31%
Танцуйте ATL
31%
Dragostea Din Tei O-Zone
31%
Не волнуйтесь, тётя ВИА "Весёлые ребята"
30%
Один в поле воин Bearwolf
30%
Фотограф Электрофорез
29%
Шоколадка Минаева
29%
Пиво-пиво-пиво КняZz
29%
Подментованый кот Слава КПСС
27%
Пожары Holidayboy
27%
Siren Song Maruv
27%
Щемит в душе тоска... Многоточие
26%
Фонтанчик с дельфином Гио Пика
25%
Я и одиночество Три дня дождя
25%
Судно Молчат дома
25%
Частушка Karna.val
25%
Кайф ты поймала Konfuz
25%
Уходи, если хочешь ЩЕНКИ
24%
Нету интереса 10AGE
24%
Homay AY YOLA
24%
Мальчик Кис-кис
23%
Кальян каннибала 2rbina 2rista
23%
Слушая тишину Владимир Пресняков
22%
Ещё не вечер Лайма Вайкуле
22%
Без даты УННВ
22%
Stefania Kalush Orchestra
22%
50к в сумке у папы LOVV66
22%
7th Element Vitas
22%
Клан Катя Самбука
21%
Пластинки Дурной вкус
20%
Само собой Артур Пирожков
20%
Плак-плак IC3PEAK
20%
Ой SQWOZ BAB
20%
Бывшие Ольга Серябкина
19%
Океан Мари Краймбрери
19%
Альтушка NEVERLOVE
19%
Петропавловск RADIO TAPOK
19%
Смузи The Limba
19%
Когда ты умрёшь Нексюша
18%
Я тут DK
18%
Ливень Александр Маршал
16%
Танцы NLO
16%
Левел ап Yanix
16%
Айдахар Ирина Кайратовна
15%
Никто Кукрыниксы
15%
На белом Каспийский груз
15%
В этой траве Серёга Пират
14%
Хороший клоун, мёртвый клоун Тони Раут
14%
По-другому Коста Лакоста
14%
Allegro Ventigo Dan Balan
13%
Нежная Диана Гурцкая
12%
Патрон Miyagi & Andy Panda
12%
Две души Елена Ваенга
11%
Позвони Оксана Почепа Акула
11%
Никто не увидит Markul
11%
Музыка не музыканта 55x55
9%
Никогда Мы
8%
Snap Rosa Linn
8%
No matching quizzes found
Score Distribution
Percent of People with Each Score
Percentile by Number Answered
Your Score History
You have not taken this quiz